| 000 | 00397nam a2200121Ia 4500 | ||
|---|---|---|---|
| 008 | 211119s9999||||xx |||||||||||||| ||und|| | ||
| 082 |
_a491.41 _bRAG-S |
||
| 100 | _aRaghava Warrier, M R | ||
| 245 | 0 | _aSindhulipi:Padanam Ithuvare | |
| 260 |
_bMathrubhumi Books _aKottayam _c2011 |
||
| 650 |
_a Language _v Other languagesEast Indo-European & Celtic languagesEconomics _xGeneral Stack |
||
| 942 | _cBOOK | ||
| 999 |
_c119896 _d119896 |
||